[Event "IECG CP.2002.P.00008 email"]
[Site "IECG email"]
[Date "2002.10.01"]
[Round "?"]
[White "Helbig, Andreas"]
[Black "Kohl, Carey"]
[Result "1-0"]
[WhiteElo "1981"]
[BlackElo "1000"]
[PlyCount "45"]
[EventDate "2002.10.01"]
[EventType "tourn (corr)"]
[EventRounds "6"]
[EventCountry "SWE"]
[SourceTitle "Corr 2008"]
[Source "ChessBase"]
[SourceDate "2008.06.24"]
[SourceVersion "1"]
[SourceVersionDate "2008.06.24"]
[SourceQuality "1"]

1. d4 Nf6 2. c4 e6 3. Nf3 b6 4. a3 Bb7 5. Nc3 d5 6. cxd5 Nxd5 7. Qc2 Nxc3 8. Qxc3 h6 9. e3 Be7 10. Bb5+ c6 11. Be2 Nd7 12. 0-0 0-0 13. Rd1 Rc8 14. b4 c5 15. bxc5 bxc5 16. Bb2 c4 17. Rdc1 Nb6 18. Qc2 Bd6 19. Bc3 Qc7 20. e4 Bf4 21. Rd1 Bc6 22. Re1 Ba4 23. Qb2 1-0

[Event "IECG CF.2002.0.00034 email"]
[Site "IECG email"]
[Date "2002.09.12"]
[Round "?"]
[White "Kohl, Carey"]
[Black "Gazen, Louis"]
[Result "1-0"]
[WhiteElo "1000"]
[BlackElo "1000"]
[PlyCount "155"]
[EventDate "2002.09.12"]
[EventType "tourn (corr)"]
[EventRounds "6"]
[SourceTitle "Corr 2008"]
[Source "ChessBase"]
[SourceDate "2008.06.24"]
[SourceVersion "1"]
[SourceVersionDate "2008.06.24"]
[SourceQuality "1"]

1. e4 d6 2. d4 Nf6 3. Nc3 g6 4. Nf3 Bg7 5. Be2 0-0 6. 0-0 c6 7. Bf4 Qb6 8. Rb1 Rd8 9. Ng5 h6 10. Nf3 e5 11. Be3 Ng4 12. Bc4 Nxe3 13. fxe3 Be6 14. Na4 Qa5 15. Bxe6 fxe6 16. c4 exd4 17. b4 Qh5 18. exd4 Nd7 19. Qd3 Rf8 20. c5 b5 21. Nb2 dxc5 22. bxc5 Rad8 23. e5 Nxc5 24. Qc2 Nd7 25. Qxc6 Qf5 26. Qxb5 Nb6 27. Qa6 Rd7 28. Na4 Nxa4 29. Qxa4 Rdf7 30. Qc4 Kh7 31. Rb2 g5 32. Rbf2 Qg6 33. Nd2 Rxf2 34. Rxf2 Rxf2 35. Kxf2 Qf5+ 36. Ke2 Qg4+ 37. Kd3 Qxg2 38. Qxe6 Qxh2 39. Qf5+ Kg8 40. Qc8+ Kh7 41. Qg4 Kg8 42. Qf3 Qh4 43. Ne4 g4 44. Qf4 Qh5 45. Ng3 Qg6+ 46. Qe4 Qe6 47. Ke3 a5 48. Nh5 g3 49. Qa8+ Bf8 50. Nf6+ Kf7 51. a4 Kg6 52. Qg2 Qb3+ 53. Kf4 Qd3 54. Qxg3+ Qxg3+ 55. Kxg3 Kf5 56. Kf3 Bb4 57. Ng4 h5 58. Ne3+ Ke6 59. Ke4 h4 60. d5+ Kf7 61. Kf3 Bc5 62. Nc4 Bb4 63. Kg4 Kg6 64. Kxh4 Kf5 65. e6 Bc5 66. Nxa5 Ke4 67. Kg5 Be7+ 68. Kg6 Kxd5 69. Kf7 Bb4 70. e7 Bxe7 71. Kxe7 Kc5 72. Nb3+ Kc6 73. a5 Kc7 74. Nc5 Kc6 75. a6 Kb6 76. Kd6 Ka7 77. Kc7 Ka8 78. Kb6 1-0

[Event "IECG CF.2002.0.00034 email"]
[Site "IECG email"]
[Date "2002.09.12"]
[Round "?"]
[White "Lynch, Seth"]
[Black "Kohl, Carey"]
[Result "0-1"]
[WhiteElo "948"]
[BlackElo "1000"]
[PlyCount "48"]
[EventDate "2002.09.12"]
[EventType "tourn (corr)"]
[EventRounds "6"]
[SourceTitle "Corr 2008"]
[Source "ChessBase"]
[SourceDate "2008.06.24"]
[SourceVersion "1"]
[SourceVersionDate "2008.06.24"]
[SourceQuality "1"]

1. e4 e5 2. Nf3 Nf6 3. d4 exd4 4. Bc4 Bc5 5. e5 d5 6. exf6 dxc4 7. fxg7 Qe7+ 8. Qe2 Qxe2+ 9. Kxe2 Rg8 10. Bh6 Nc6 11. Re1 Be6 12. Ng5 0-0-0 13. Nxe6 fxe6 14. Kf1 e5 15. Re4 Rd6 16. Rh4 Nd8 17. g4 Rb6 18. b3 c3 19. a4 Rg6 20. g5 Ne6 21. Re4 Nxg5 22. Rxe5 Nf3 23. Rxc5 Re8 24. Be3 d3 0-1

[Event "IECG QF.2002.0.00023"]
[Site "IECG email"]
[Date "2002.08.18"]
[Round "?"]
[White "Kohl, Carey"]
[Black "Groves, Patrick"]
[Result "1/2-1/2"]
[WhiteElo "1000"]
[BlackElo "1000"]
[PlyCount "74"]
[EventDate "2002.08.18"]
[EventType "tourn (corr)"]
[EventRounds "6"]
[SourceTitle "Corr 2008"]
[Source "ChessBase"]
[SourceDate "2008.06.24"]
[SourceVersion "1"]
[SourceVersionDate "2008.06.24"]
[SourceQuality "1"]

1. e4 c5 2. Nf3 Nc6 3. Bc4 e6 4. 0-0 d6 5. d4 cxd4 6. Nxd4 Nf6 7. Nc3 Be7 8. Be3 0-0 9. Re1 Ne5 10. Be2 Bd7 11. f4 Ng6 12. Ndb5 Qb8 13. Qd2 Bxb5 14. Bxb5 Ng4 15. Rf1 Nxe3 16. Qxe3 a6 17. Bd3 Bf6 18. Nd1 b5 19. a3 d5 20. c3 e5 21. exd5 Nxf4 22. Qe4 g6 23. Bc2 Qb6+ 24. Kh1 Rad8 25. Bb3 Bg7 26. a4 f5 27. Qe3 Qxe3 28. Nxe3 Nd3 29. axb5 axb5 30. Ra5 Rb8 31. g4 f4 32. Nd1 e4 33. d6+ Kh8 34. Bc2 Nxb2 35. Nxb2 Bxc3 36. Ra2 e3 37. Bd1 b4 1/2-1/2